| 000 | 01015nam a2200313 a 4500 | ||
|---|---|---|---|
| 999 |
_c331811 _d331811 |
||
| 001 | 1194502 | ||
| 003 | ASAB | ||
| 005 | 20180116115833.0 | ||
| 008 | 970313s1996 ii b 001 0 eng | ||
| 010 | _a 97900875 | ||
| 020 | _a81-900181-1-6 | ||
| 025 | _aI-E-97-900875; 44 | ||
| 040 |
_aDLC _cASAB |
||
| 042 | _alcode | ||
| 043 | _aa-ii--- | ||
| 050 | 0 | 0 |
_aHD9672.I52 _bH47 1996 |
| 082 | _a581.63 | ||
| 245 | 0 | 0 |
_aHerbal drugs industry : _bpractical approach to industrial pharmacognosy / _cchief editor, R.D. Chaudhri. |
| 250 | _a1st ed. | ||
| 260 |
_aNew Delhi : _bEastern Publishers, _c1996. |
||
| 300 |
_axii, 648 p. ; _c24 cm. |
||
| 504 | _aIncludes bibliographical references and index. | ||
| 650 | 0 |
_aPharmaceutical industry _zIndia. _95669 |
|
| 650 | 0 |
_aHerb industry _zIndia. _95670 |
|
| 700 | 1 |
_aChaudhuri, R. D. _q(Ram Dev) _95671 |
|
| 906 |
_a7 _bcbc _corigode _d3 _encip _f19 _gy-gencatlg |
||
| 942 |
_2ddc _cBK |
||